Japanese achievement (Record no. 1074153)

MARC details
000 -LEADER
fixed length control field 00695nam a2200253Ia 4500
003 - CONTROL NUMBER IDENTIFIER
control field OSt
005 - DATE AND TIME OF LATEST TRANSACTION
control field 20221006142324.0
008 - FIXED-LENGTH DATA ELEMENTS--GENERAL INFORMATION
fixed length control field 221006b |||||||| |||| 00| 0 eng d
020 ## - INTERNATIONAL STANDARD BOOK NUMBER
International Standard Book Number 9780283996474
037 ## - SOURCE OF ACQUISITION
Terms of availability Textual
040 ## - CATALOGING SOURCE
Original cataloging agency EASL
Transcribing agency EASL
Language of cataloging eng
041 ## - LANGUAGE CODE
Source of code eng
Language code of text/sound track or separate title eng
100 ## - MAIN ENTRY--PERSONAL NAME
Personal name CORTAZZI Hugh
9 (RLIN) 647394
245 #0 - TITLE STATEMENT
Title Japanese achievement
260 ## - PUBLICATION, DISTRIBUTION, ETC.
Place of publication, distribution, etc. London
Name of publisher, distributor, etc. Sidgwick and Jackson
Date of publication, distribution, etc. 1990
300 ## - PHYSICAL DESCRIPTION
Extent 350p.
Dimensions cm.
490 ## - SERIES STATEMENT
Volume/sequential designation JEL
Series statement Sidgwick & Jackson Great Civilization series
942 ## - ADDED ENTRY ELEMENTS (KOHA)
Classification part V42.N89, N0
Koha item type Textual
Source of classification or shelving scheme Colon Classification (CC)
Holdings
Withdrawn status Lost status Source of classification or shelving scheme Damaged status Not for loan Home library Current library Date acquired Cost, normal purchase price Serial Enumeration / chronology Total Checkouts Full call number Barcode Date last seen Cost, replacement price Price effective from Koha item type
    Colon Classification (CC)     Department of East Asian Studies Library Department of East Asian Studies Library 2022-10-06 878.00 JEL   V42.N89 N0 EA1010586 2022-10-06 878.00 2022-10-06 Textual
Copyright @ Delhi University Library System